[Event "Benidorm op 21st"]
[Site "Benidorm"]
[Date "2008.04.28"]
[Round "4"]
[White "Mihailovs, Jurijs"]
[Black "Abergel, Thal"]
[Result "1/2-1/2"]
[WhiteElo "2393"]
[BlackElo "2520"]
[PlyCount "40"]
[EventDate "2008.04.25"]
[EventType "swiss"]
[EventRounds "10"]
[EventCountry "ESP"]
[SourceTitle "CBM 123 Extra"]
[Source "ChessBase"]
[SourceDate "2008.05.06"]
[SourceVersion "1"]
[SourceVersionDate "2008.05.06"]
[SourceQuality "1"]

1. d4 Nf6 2. c4 e6 3. Nf3 c5 4. d5 b5 5. Bg5 exd5 6. cxd5 d6 7. e4 a6 8. Nbd2 Be7 9. Bf4 0-0 10. a4 b4 11. Bd3 a5 12. 0-0 Nh5 13. Be3 Nd7 14. Qc2 g6 15. Bh6 Re8 16. Bb5 Ba6 17. Bxa6 Rxa6 18. Qd3 Ra7 19. Nc4 Nb6 20. Nfd2 Bf6 1/2-1/2

[Event "Pamplona-B 18th"]
[Site "Pamplona"]
[Date "2008.??.??"]
[Round "5"]
[White "Lopez Gracia, Fernando"]
[Black "Mihailovs, Jurijs"]
[Result "1/2-1/2"]
[WhiteElo "2294"]
[BlackElo "2375"]
[PlyCount "37"]
[EventDate "2008.12.01"]
[EventType "tourn"]
[EventRounds "9"]
[EventCountry "ESP"]
[EventCategory "4"]
[SourceTitle "CBM 127 Extra"]
[Source "ChessBase"]
[SourceDate "2009.01.08"]
[SourceVersion "2"]
[SourceVersionDate "2009.01.28"]
[SourceQuality "1"]

1. e4 c5 2. Nf3 e6 3. d4 cxd4 4. Nxd4 a6 5. Bd3 Bc5 6. Nb3 Ba7 7. Qg4 Nf6 8. Qg3 d6 9. Nc3 Nc6 10. Bg5 h6 11. Bd2 e5 12. Qf3 Nd5 13. Nxd5 Nd4 14. Nxd4 Bxd4 15. Bb4 Kd7 16. Rf1 Be3 17. Bc3 Bd4 18. Bxd4 exd4 19. g4 1/2-1/2

[Event "Calvia op 4th"]
[Site "Calvia"]
[Date "2007.10.15"]
[Round "1"]
[White "Russo, Carmelo"]
[Black "Mihailovs, Jurijs"]
[Result "0-1"]
[WhiteElo "1702"]
[BlackElo "2366"]
[PlyCount "24"]
[EventDate "2007.10.15"]
[EventType "swiss"]
[EventRounds "9"]
[EventCountry "ESP"]
[SourceTitle "CBM 120 Extra"]
[Source "ChessBase"]
[SourceDate "2007.11.01"]
[SourceVersion "1"]
[SourceVersionDate "2007.11.01"]
[SourceQuality "1"]

1. d4 Nf6 2. Nf3 g6 3. g3 c5 4. Bg2 cxd4 5. Qxd4 Nc6 6. Qh4 h6 7. 0-0 Bg7 8. c3 d6 9. Qa4 Bd7 10. Nd4 Qc7 11. Nd2 0-0 12. Qc2 Nxd4 0-1